The mathematical foundations of quantum mechanics: lecture note volume

Guardado en:
Detalles Bibliográficos
Autor principal: Mackey, George W. (autor)
Formato: Libro
Lenguaje:inglés
Publicado: Reading Benjamin Cummings 1963
Colección:Mathematical Physics Monograph Series
Materias:
Etiquetas: Agregar Etiqueta
Sin Etiquetas, Sea el primero en etiquetar este registro!

MARC

LEADER 00000nam a2200000 a 4500
001 UCW0685
003 CL-VaPUC
008 881003e19630000US |||||||||||||||||eng|d
082 0 4 |a 530.15  |b MAC  |2 21 
100 |a Mackey, George W.  |e autor  |9 423707 
245 1 4 |a The mathematical foundations of quantum mechanics: lecture note volume 
300 |a 137 p 
942 |c BK 
945 |d 19881003 00:00:00 
260 |a Reading  |b Benjamin Cummings  |c 1963 
650 0 |a Física matemática   |9 260981 
650 0 |a Teoría cuántica  |9 266148 
583 |a last modification  |c 19881003 00:00:00  |k Rodrigo Vera 
490 0 |a Mathematical Physics Monograph Series 
999 |c 215755  |d 215753 
952 |0 0  |1 0  |4 0  |6 530_150000000000000_MAC_1963  |7 0  |8 A  |9 200591  |a BIBMAT  |b BIBMAT  |d 2019-11-14  |i 2678292  |o 530.15 MAC 1963  |p 2678292  |r 2025-01-07  |w 2019-11-14  |y BK  |k MAT 
952 |0 0  |1 0  |4 0  |6 530_150000000000000_MAC_1963  |7 0  |8 A  |9 200592  |a BIBCUR  |b BIBCUR  |d 2019-11-14  |i 3180522  |o 530.15 MAC 1963  |p 3180522  |r 2025-04-22  |w 2019-11-14  |y BK  |k BCB